000 00696nam a22002297a 4500
003 UA-OsUOA
001 58339
007 ta
008 20090204b un ||||| |||| 00| 0 ukr d
100 _aШвець І.
700 _aСледь О.
090 _a330(477)
_bШ-67
942 _cSA
040 _aUA-OsUOA
_bukr
_cUA-OsUOA
_dUA-OsUOA
245 _aЗастосувння регресивного оподаткування прибутку для стимулювання технічного оновлення виробництва
300 _aС.58-67
955 _a0
041 _aukr
080 _a330(477)
773 0 _w58334
650 7 _a330 Економіка взагалі
_2UDC
999 _c344428
_d344428